| 000 | 00834nam a2200253Ia 4500 | ||
|---|---|---|---|
| 005 | 20220310162357.0 | ||
| 008 | 210716s2014 xx 000 0 und d | ||
| 020 | _a9789350717950 | ||
| 040 | _cAIMIT LIBRARY | ||
| 041 | _aeng | ||
| 082 |
_a336.294 _226 _bDATV |
||
| 100 |
_aDatey, V.S. _923312 |
||
| 245 |
_aIndirect taxes: _bLaw and practice / _cBy V.S. Datey |
||
| 250 | _a36th ed. | ||
| 260 |
_aNew Delhi : _bTaxmann Publications Pvt Ltd , _c2016. |
||
| 300 |
_avi,414p. ; _avi,490p. ; _c27.3 cm |
||
| 440 |
_vP1 _aService Tax. _923314 |
||
| 440 |
_vP2 _aCentral Excise/Customs/FTP/CST/VAT/International Taxation. _923315 |
||
| 650 |
_aIndirect taxes. _923313 |
||
| 650 |
_aService Tax. _923316 |
||
| 650 |
_aPoint of Taxation. _923317 |
||
| 650 |
_aBanking Financial Services. _923318 |
||
| 942 |
_2ddc _cBK _e36th _k336.294 DATV |
||
| 999 |
_c209506 _d209506 |
||